Normal view
MARC view
- هالاهان،دانيال.ب مؤلف/كوفمان،جيمس.م م.مشارك/محمد،عادل عبدالله مترجم
Entry Personal Name
001 - CONTROL NUMBER
- control field: 22898
003 - CONTROL NUMBER IDENTIFIER
- control field: JO-AjAnu
005 - DATE AND TIME OF LATEST TRANSACTION
- control field: 20230606073938.0
008 - FIXED-LENGTH DATA ELEMENTS
- fixed length control field: 230606|| aca||aabn | a|a d
040 ## - CATALOGING SOURCE
- Original cataloging agency: JO-AjAnu
- Transcribing agency: JO-AjAnu
100 ## - HEADING--PERSONAL NAME
- Personal name: هالاهان،دانيال.ب مؤلف/كوفمان،جيمس.م م.مشارك/محمد،عادل عبدالله مترجم
670 ## - SOURCE DATA FOUND
- Source citation: Work cat.: (JO-AjAnu)11769: هالاهان،دانيال.ب مؤلف/كوفمان،جيمس.م م.مشارك/محمد،عادل عبدالله مترجم, author, سيكولوجية الأطفال غير العاديين وتعليمهم = Exeptional Learners